[Event "Khanty-Mansiysk Governor Cup Rapid"]
[Site "Khanty-Mansiysk"]
[Date "2023.11.27"]
[Round "6"]
[White "Kabanov, Nikolai"]
[Black "Kalmachevskikh, Lyubov"]
[Result "1/2-1/2"]
[WhiteElo "2434"]
[BlackElo "1420"]
[PlyCount "109"]
[EventDate "2023.11.26"]
[EventType "swiss (rapid)"]
[EventRounds "11"]
[EventCountry "RUS"]
[SourceTitle "CB49_2023"]
[SourceDate "2023.12.06"]
[SourceVersion "1"]
[SourceVersionDate "2023.12.06"]
[SourceQuality "1"]

1. e4 c5 2. Nf3 Nc6 3. Bb5 g6 4. 0-0 Bg7 5. c3 e5 6. b4 cxb4 7. d4 bxc3 8. Nxc3 Nge7 9. Nd5 0-0 10. dxe5 Nxe5 11. Nxe5 Bxe5 12. Bg5 f6 13. Bh6 Rf7 14. Bc4 Bxa1 15. Qxa1 Nxd5 16. Bxd5 d6 17. Qb2 Qe7 18. Qb3 Rb8 19. Rc1 b6 20. Bxf7+ Qxf7 21. Qxf7+ Kxf7 22. Rc7+ Ke6 23. Rxa7 Bd7 24. h4 Bc6 25. f3 Ra8 26. Rxh7 Rxa2 27. Bf8 f5 28. Re7+ Kf6 29. Rc7 Rc2 30. exf5 Kxf5 31. Bxd6 b5 32. Bf8 Rc4 33. Be7 Bd5 34. Rc5 Rxc5 35. Bxc5 Bf7 36. Kf2 Kf4 37. Bd6+ Kf5 38. Ke3 Ke6 39. Bf8 Ke5 40. Bb4 Bd5 41. Bc3+ Kf5 42. g4+ Ke6 43. Kf4 Kf7 44. Kg3 Bb3 45. f4 Bd1 46. f5 gxf5 47. gxf5 Kg8 48. Kf4 Bh5 49. Kg5 Be8 50. h5 Kh7 51. h6 Kg8 52. Kf6 Bh5 53. Ke7 Kh7 54. Bd2 b4 55. Bxb4 1/2-1/2

[Event "Titled Tuesday intern op 27th Dec Early"]
[Site "Chess.com INT"]
[Date "2022.12.27"]
[Round "10"]
[White "Kabanov, Nikolai"]
[Black "Ilkhomi, Jaloliddin"]
[Result "1-0"]
[WhiteElo "2446"]
[BlackElo "2145"]
[PlyCount "135"]
[EventDate "2022.12.27"]
[EventType "swiss (blitz)"]
[EventRounds "11"]
[EventCountry "USA"]
[SourceTitle "EXT 2024"]
[Source "ChessBase"]
[SourceDate "2023.10.10"]
[SourceVersion "1"]
[SourceVersionDate "2023.10.10"]
[SourceQuality "1"]

1. e4 e6 2. Nf3 d5 3. exd5 exd5 4. d4 Bd6 5. Bd3 Ne7 6. 0-0 0-0 7. Bg5 f6 8. Bh4 Nbc6 9. c3 Bf5 10. Bb5 a6 11. Ba4 Qd7 12. Nbd2 Rae8 13. Re1 Ng6 14. Bg3 Bxg3 15. hxg3 Rxe1+ 16. Nxe1 Re8 17. Nf1 b5 18. Bb3 Na5 19. Ne3 Be6 20. Nd3 Nb7 21. Nb4 a5 22. Nd3 a4 23. Bc2 Ne7 24. b3 axb3 25. axb3 Nf5 26. Nf1 Nfd6 27. f3 Bf5 28. Ra7 Qc6 29. Qa1 Bxd3 30. Bxd3 b4 31. cxb4 Qb6 32. Ra4 Nb5 33. Ra6 Qxd4+ 34. Qxd4 Nxd4 35. Ra7 Rb8 36. Ba6 Nd6 37. Rxc7 Rxb4 38. Ne3 N6f5 39. Nxd5 Rxb3 40. g4 Rb1+ 41. Kh2 Ne3 42. Nxe3 Re1 43. Bc4+ Kf8 44. Nf5 Nxf5 45. gxf5 Rc1 46. Rc8+ Ke7 47. Be6 Rd1 48. Rc7+ Kf8 49. Rf7+ Ke8 50. Rxg7 h5 51. Kg3 Rd4 52. Rh7 Kf8 53. Rxh5 Kg7 54. Rh4 Rd2 55. Rg4+ Kh6 56. Rg8 Kh7 57. Kf4 Rd4+ 58. Ke3 Ra4 59. Rg6 Kh8 60. g4 Kh7 61. Rxf6 Kg7 62. Rg6+ Kh7 63. g5 Ra3+ 64. Kf4 Ra4+ 65. Kg3 Ra3 66. Rh6+ Kg7 67. f6+ Kf8 68. Rh8# 1-0

[Event "Titled Tuesday intern op 27th Dec Early"]
[Site "Chess.com INT"]
[Date "2022.12.27"]
[Round "9"]
[White "Wagner, Dinara"]
[Black "Kabanov, Nikolai"]
[Result "0-1"]
[WhiteElo "2413"]
[BlackElo "2446"]
[PlyCount "90"]
[EventDate "2022.12.27"]
[EventType "swiss (blitz)"]
[EventRounds "11"]
[EventCountry "USA"]
[SourceTitle "EXT 2024"]
[Source "ChessBase"]
[SourceDate "2023.10.10"]
[SourceVersion "1"]
[SourceVersionDate "2023.10.10"]
[SourceQuality "1"]

1. d4 d5 2. c4 e6 3. Nf3 a6 4. cxd5 exd5 5. Nc3 Nf6 6. Bg5 Be6 7. g3 Nbd7 8. Bg2 h6 9. Bxf6 Nxf6 10. Qb3 b5 11. Ne5 Bd6 12. 0-0 0-0 13. Nc6 Qe8 14. Nxd5 Bxd5 15. Bxd5 Nxd5 16. Qxd5 Qxe2 17. b3 Rfe8 18. Rac1 Qxa2 19. Ne5 Bxe5 20. dxe5 Rad8 21. Qf3 Rd7 22. Ra1 Qb2 23. Rxa6 Qxe5 24. Rc1 c5 25. Rc6 Rd5 26. Qg4 Qd4 27. Qf3 Ree5 28. Rc7 Rf5 29. Qe2 Rde5 30. Qf1 Rf3 31. Rd1 Qb2 32. Rc8+ Kh7 33. Rcd8 Qxb3 34. Qg2 Re2 35. R8d2 Rxd2 36. Rxd2 Qb1+ 37. Qf1 Qxf1+ 38. Kxf1 Rc3 39. Rb2 b4 40. Ke2 Kg6 41. Kd2 Kf5 42. Ra2 Ke4 43. Ra7 Rf3 44. Ke2 Rf6 45. Rc7 Kd4 0-1

[Event "Khanty-Mansiysk Governor Cup Rapid 18th"]
[Site "Khanty-Mansiysk"]
[Date "2022.11.27"]
[Round "7"]
[White "Kabanov, Nikolai"]
[Black "Iljiushenok, Ilia"]
[Result "1/2-1/2"]
[WhiteElo "2467"]
[BlackElo "2558"]
[PlyCount "258"]
[EventDate "2022.11.26"]
[EventType "swiss (rapid)"]
[EventRounds "11"]
[EventCountry "RUS"]
[SourceTitle "CBM 211 Extra"]
[Source "ChessBase"]
[SourceDate "2023.01.31"]
[SourceVersion "1"]
[SourceVersionDate "2023.01.31"]
[SourceQuality "1"]

1. e4 c6 2. d4 d5 3. exd5 cxd5 4. Bd3 Nc6 5. c3 Qc7 6. h3 Nf6 7. Nf3 g6 8. 0-0 Bf5 9. Re1 e6 10. a4 h5 11. Na3 a6 12. Nc2 Bd6 13. Bg5 Ne4 14. Bxe4 Bxe4 15. Bf6 Rg8 16. Ng5 Bxc2 17. Qxc2 Be7 18. Bxe7 Nxe7 19. Qb3 Qd7 20. Nh7 0-0-0 21. Nf6 Qc7 22. Nxg8 Rxg8 23. Rac1 Kb8 24. c4 dxc4 25. Rxc4 Qd6 26. Qf3 Nf5 27. Qe4 Rd8 28. Qe5 Ne7 29. Rec1 Nc6 30. Qxd6+ Rxd6 31. Kf1 Nxd4 32. Rc8+ Ka7 33. R8c7 f6 34. Rd1 g5 35. a5 e5 36. f3 Rd5 37. b4 Rb5 38. Rf7 f5 39. Re1 f4 40. Kf2 h4 41. Re4 Nc6 42. Rf5 Nxb4 43. Rxg5 Nc6 44. Rh5 Rxa5 45. Rxh4 Nd4 46. Rh5 Ra2+ 47. Kf1 Nc2 48. Rhxe5 Ne3+ 49. Ke1 Nxg2+ 50. Kd1 Rf2 51. Re7 a5 52. Re2 Ne3+ 53. Ke1 Rf1+ 54. Kd2 Rxf3 55. h4 Rh3 56. Rh7 a4 57. Re1 Ka6 58. Rg1 b5 59. Rg5 a3 60. Rh8 Ka5 61. Rb8 Nc4+ 62. Kc2 Rh2+ 63. Kb3 Rh3+ 64. Ka2 Ka4 65. Rgxb5 Rh2+ 66. Ka1 Ne3 67. Rb4+ Ka5 68. Rxf4 Nc2+ 69. Ka2 Nb4+ 70. Kxa3 Rh3+ 71. Kb2 Nd3+ 72. Kc2 Nxf4 73. h5 Rxh5 74. Kd2 Rh3 75. Rb7 Ne6 76. Rb8 Nd4 77. Rb7 Nb5 78. Ke2 Kb4 79. Kf2 Kc4 80. Kg2 Ra3 81. Rd7 Nd4 82. Rh7 Kd5 83. Re7 Nc6 84. Re8 Ne5 85. Kf2 Ke4 86. Kg2 Ra7 87. Kf2 Rg7 88. Re6 Rg8 89. Re7 Kf4 90. Ke2 Rg2+ 91. Kd1 Ke4 92. Kc1 Kd4 93. Kd1 Nf3 94. Re2 Rg1+ 95. Kc2 Rf1 96. Re8 Rf2+ 97. Kb3 Kd3 98. Kb4 Rc2 99. Kb5 Nd4+ 100. Kb6 Rc6+ 101. Kb7 Rf6 102. Re1 Kc4 103. Rc1+ Kd5 104. Rd1 Rf2 105. Rb1 Rf3 106. Rb2 Nb3 107. Kc7 Rf7+ 108. Kb6 Rf6+ 109. Kc7 Rc6+ 110. Kb8 Rc3 111. Rh2 Nc5 112. Kc7 Ne6+ 113. Kd7 Rc7+ 114. Ke8 Nd4 115. Kf8 Ra7 116. Rh1 Ke5 117. Re1+ Kf6 118. Ke8 Nc6 119. Rf1+ Ke6 120. Re1+ Ne5 121. Kf8 Ra3 122. Kg7 Rg3+ 123. Kf8 Rg2 124. Re4 Kf5 125. Re1 Ke6 126. Re4 Kf5 127. Re1 Kf6 128. Rf1+ Ke6 129. Re1 Kd5 1/2-1/2

[Event "Khanty-Mansiysk Governor Cup 18th"]
[Site "Khanty-Mansiysk"]
[Date "2022.11.24"]
[Round "8"]
[White "Kabanov, Nikolai"]
[Black "Galaktionov, Artem"]
[Result "1/2-1/2"]
[WhiteElo "2467"]
[BlackElo "2289"]
[PlyCount "135"]
[EventDate "2022.11.17"]
[EventType "swiss"]
[EventRounds "9"]
[EventCountry "RUS"]
[SourceTitle "CBM 211 Extra"]
[Source "ChessBase"]
[SourceDate "2023.01.31"]
[SourceVersion "1"]
[SourceVersionDate "2023.01.31"]
[SourceQuality "1"]

1. e4 c6 2. d4 d5 3. Nc3 dxe4 4. Nxe4 Nf6 5. Nxf6+ exf6 6. Nf3 Bd6 7. Bd3 0-0 8. 0-0 Bg4 9. h3 Bh5 10. Bf5 Qa5 11. Qd3 Bg6 12. Nh4 Na6 13. c3 Rad8 14. b4 Qc7 15. Qf3 Nb8 16. Rb1 Rfe8 17. a4 a5 18. bxa5 Re7 19. Rb6 c5 20. d5 Nd7 21. Nxg6 hxg6 22. Bxd7 Qxd7 23. Rb5 Rde8 24. Be3 Re4 25. Bxc5 Rxa4 26. Qd3 Rc8 27. Bxd6 Qxd6 28. Rxb7 Rxa5 29. c4 Rac5 30. Rb4 Rxd5 31. cxd5 Qxb4 32. d6 Rd8 33. d7 Qe7 34. Rd1 Kh7 35. h4 f5 36. Qd4 Qe2 37. Rd3 Qe1+ 38. Kh2 Qe6 39. g3 Qc6 40. Rd2 Qe6 41. Qa4 f4 42. gxf4 Qg4 43. Rd3 Kg8 44. Qe4 Qxh4+ 45. Kg2 Qg4+ 46. Kf1 Qe6 47. Qd4 Qc6 48. Kg1 Qe6 49. Kh2 Qf6 50. Qe3 Qe6 51. Qd2 Qf5 52. Rd5 Qe6 53. Qd3 Kh7 54. Kg3 Qc6 55. Rd6 Qc5 56. Rd5 Qc6 57. Qd1 Qe6 58. Rd4 Qc6 59. Rd6 Qc3+ 60. Kg2 Qc5 61. Rd3 Qc6+ 62. Kh2 Qe6 63. Qa4 Qf5 64. Qd4 Qe6 65. f5 gxf5 66. Rh3+ Kg8 67. Qh4 Qe5+ 68. Kg1 1/2-1/2

[Event "RUS-chT Blitz"]
[Site "Sochi"]
[Date "2022.10.17"]
[Round "5.16"]
[White "Kabanov, Nikolai"]
[Black "Bocharov, Dmitry"]
[Result "0-1"]
[WhiteElo "2467"]
[BlackElo "2526"]
[PlyCount "53"]
[EventDate "2022.10.17"]
[EventType "team-swiss (blitz)"]
[EventRounds "13"]
[EventCountry "RUS"]
[SourceTitle "CBM 210 Extra"]
[Source "ChessBase"]
[SourceDate "2022.11.30"]
[SourceVersion "1"]
[SourceVersionDate "2022.11.30"]
[SourceQuality "1"]
[WhiteTeam "Yugra"]
[BlackTeam "Novosibirsk Region"]
[WhiteTeamCountry "RUS"]
[BlackTeamCountry "RUS"]

1. d4 Nf6 2. Nf3 e6 3. Nc3 d5 4. Bf4 a6 5. e3 c5 6. Be2 b5 7. a3 Bb7 8. Ne5 Nbd7 9. 0-0 Be7 10. Bf3 0-0 11. g4 Rc8 12. h3 Nxe5 13. Bxe5 Nd7 14. Bg3 Nb6 15. Ne2 Nc4 16. b3 Nd6 17. a4 b4 18. Bf4 a5 19. Bg2 Ba6 20. Re1 Ne4 21. Bxe4 dxe4 22. Ng3 g5 23. Be5 f6 24. Nxe4 fxe5 25. dxe5 Qd5 26. Qxd5 exd5 27. Ng3 0-1